000 00715cam a2200205 4500
008 000000n1999 000 0 eng u
020 _a1900858398
035 _a(Sirsi) u103110
050 _a690.24
110 _aBuilding Maintenance Information
_93229
245 _aOccupancy costs of school buildings.
260 _aLondon
_bBMI
_c1999
300 _a63p. ; 30cm.
490 _aSerial
_v283
520 _aThis item is part of a subscription service and cannot be photocopied. Neither can any part of it be read out over the phone. Please contact BMI direct on 0171 222 7000 for details
650 _aEDUCATION BUILDINGS
650 _aSCHOOLS
690 _aBUILT ENVIRONMENT-BUILDING COSTS
942 _n0
999 _c100087
_d100087